[Event "Lovsprings op 07th C"]
[Site "Ringsted"]
[Date "1995.04.28"]
[Round "5"]
[White "Steffensen, Hans Henrik"]
[Black "Jensen, Arne Skov"]
[Result "0-1"]
[WhiteElo "1546"]
[BlackElo "1537"]
[PlyCount "64"]
[EventDate "1995.03.10"]
[EventType "swiss"]
[EventRounds "7"]
[EventCountry "DEN"]
[SourceTitle "EXT 2023"]
[Source "ChessBase"]
[SourceDate "2022.10.05"]
[SourceVersion "1"]
[SourceVersionDate "2022.10.05"]
[SourceQuality "1"]

1. d4 c5 2. d5 Nf6 3. c4 g6 4. Nc3 Bg7 5. Qc2 0-0 6. e4 d6 7. Nf3 Nbd7 8. h3 Ne8 9. Be2 a6 10. Bf4 Rb8 11. h4 b5 12. Qd2 bxc4 13. Bh6 Qb6 14. Bxg7 Kxg7 15. Rb1 Ndf6 16. Qg5 h6 17. Qd2 Bg4 18. Nh2 Bxe2 19. Kxe2 Nc7 20. Nf3 Nb5 21. h5 Rh8 22. hxg6 fxg6 23. Qc2 Nd4+ 24. Nxd4 cxd4 25. Kf1 dxc3 26. Qxc3 Rbf8 27. f3 Kh7 28. Qxc4 Ng4 29. Qe2 Ne3+ 30. Kf2 Rc8 31. g4 Rc2 32. Ke1 Qb4+ 0-1

[Event "Lovsprings op 06th E"]
[Site "Ringsted"]
[Date "1994.05.08"]
[Round "6"]
[White "Steffensen, Hans Henrik"]
[Black "Kemp, Arne"]
[Result "1-0"]
[WhiteElo "1411"]
[BlackElo "1279"]
[PlyCount "119"]
[EventDate "1994.03.27"]
[EventType "swiss"]
[EventRounds "7"]
[EventCountry "DEN"]
[SourceTitle "EXT 2023"]
[Source "ChessBase"]
[SourceDate "2022.10.05"]
[SourceVersion "1"]
[SourceVersionDate "2022.10.05"]
[SourceQuality "1"]

1. e4 c5 2. Bc4 e6 3. Nc3 Nc6 4. Nf3 d6 5. 0-0 Nf6 6. a3 Be7 7. d4 cxd4 8. Nxd4 a6 9. Be3 Qc7 10. f4 0-0 11. Bd3 Bd7 12. h3 Nxd4 13. Bxd4 Bc6 14. g4 e5 15. Be3 Nd7 16. Nd5 Bxd5 17. exd5 exf4 18. Bxf4 Bf6 19. Rb1 g6 20. c3 Qc5+ 21. Kg2 Qxd5+ 22. Qf3 Qxf3+ 23. Rxf3 Ne5 24. Re3 Rfe8 25. Rbe1 Re7 26. Bc2 Rae8 27. g5 Bg7 28. Bb3 Kf8 29. Bd5 b5 30. b3 Kg8 31. c4 bxc4 32. bxc4 Kf8 33. Kf1 Rc7 34. Bg3 Rce7 35. R1e2 Rc7 36. Be1 Rce7 37. Bb4 Rd8 38. Ba5 Rdd7 39. Bb4 Rd8 40. Ba5 Rdd7 41. Bb4 f6 42. c5 Nf7 43. Be6 Rd8 44. Ba5 Rb8 45. c6 Rbe8 46. c7 Ne5 47. c8Q Rxc8 48. Bxc8 Nc6 49. Bc3 Rxe3 50. Rxe3 fxg5 51. Bxg7+ Kxg7 52. Bxa6 Ne5 53. a4 Kf6 54. Re2 g4 55. hxg4 Nxg4 56. Bb7 h5 57. a5 h4 58. a6 h3 59. a7 h2 60. a8Q 1-0